000 00425nam a2200181Ia 4500
001 4433
005 20260306145755.0
008 260306t2006||||xx |||||||||||||| ||spa||
041 _aESP
082 _a321.8
_bT76
100 _aTouraine, Alain
_eAUT
245 0 _a¿Qué es la democracia? texto impreso
260 _c2006
300 _a309 páginas :
_ccm.
650 _aGEN
654 _aCDE
942 _cLIB
_dJUS
_fJUS
_2ddc
_n
999 _c4433
_d4433